000 00298nam a22001337a 4500
008 170629b xxu||||| |||| 00| 0 eng d
020 _a0804718946
041 _aeng
080 _a82
100 _a22
101 _aGJL
245 _aA GUIDE TO THE WORLD'S LANGUAGES
_cRUHLEN, M
942 _2udc
_cBK
999 _c19564
_d19564